ALGUIEN NOS AYUDA A PENSAR EL CONCEPTO QUE CONDUJO A LA REVISION DE LOS PAADIGMAS DE LA CONDUCTA PARAANORMAL Y DIO ORIGEN A LA PSICOLOGISTICA (Record no. 2148)

MARC details
000 -LEADER
campo de control de longitud fija 00596nam a22001577a 4500
001 - NÚMERO DE CONTROL
campo de control 8578
005 - FECHA Y HORA DE LA ÚLTIMA TRANSACCIÓN
campo de control 20250602012218.0
008 - DATOS DE LONGITUD FIJA--INFORMACIÓN GENERAL
campo de control de longitud fija 5230202000 dr a
082 ## - NÚMERO DE LA CLASIFICACIÓN DECIMAL DEWEY
Número de clasificación RD 154.2
Número de ítem Es14a2
100 ## - ENTRADA PRINCIPAL--NOMBRE DE PERSONA
Nombre de persona ESCAÑO TEODORO
245 ## - MENCIÓN DEL TÍTULO
Título ALGUIEN NOS AYUDA A PENSAR EL CONCEPTO QUE CONDUJO A LA REVISION DE LOS PAADIGMAS DE LA CONDUCTA PARAANORMAL Y DIO ORIGEN A LA PSICOLOGISTICA
Mención de responsabilidad, etc. Teodoro Escaño.
250 ## - MENCION DE EDICION
Mención de edición 2a. ed.
260 ## - PUBLICACIÓN, DISTRIBUCIÓN, ETC.
Lugar de publicación, distribución, etc. Santo Domingo :
Nombre del editor, distribuidor, etc. IPSIC
300 ## - DESCRIPCIÓN FÍSICA
Extensión 336 p. : il / 21 cm.
Otros detalles físicos il.
650 ## - PUNTO DE ACCESO ADICIONAL DE MATERIA--TÉRMINO DE MATERIA
Término de materia o nombre geográfico como elemento de entrada 1 SUBCONCIENCIA 2 CONCIENCIA PSICOLOGIA 3 CREENCIA Y DUDA 4 INMANENCIA FILOSOFIA
Holdings
Estatus retirado Estado de pérdida Estado de daño No para préstamo Colección Biblioteca de origen Biblioteca actual Fecha de adquisición Total de préstamos Signatura topográfica completa Código de barras Visto por última vez Fecha del último préstamo Copia número Precio de reemplazo Tipo de ítem Koha
        Acervo general de Libros Biblioteca Central Mons. Favio M. Rivas S. Biblioteca Central Mons. Favio M. Rivas S. 20/10/2014 1 RD 154.2 000000002921 12/11/2025 12/11/2025 1 23/05/2025 Libros